000 00272nam a22001097a 4500
999 _c261400
_d261399
020 _a9781534435933
100 _aDeborah
245 _aBUNNICULA-A Rabbit Tale of Mystery
260 _aNew York
_bAtheneum Books for Young Readers
_c2019
300 _a101 pgs
942 _cBK